[Event "NAM-ch"]
[Site "Windhoek"]
[Date "2024.01.13"]
[Round "4"]
[White "Mweya, Pinehas Tangeni"]
[Black "Gaoseb, Manfredo"]
[Result "0-1"]
[WhiteElo "1152"]
[BlackElo "1617"]
[PlyCount "58"]
[EventDate "2024.01.11"]
[EventType "swiss"]
[EventRounds "7"]
[EventCountry "NAM"]
[SourceTitle "EXT 2025"]
[Source "ChessBase"]
[SourceDate "2024.10.14"]
[SourceVersion "1"]
[SourceVersionDate "2024.10.14"]
[SourceQuality "1"]

1. e4 c5 2. Nc3 Nc6 3. Nf3 g6 4. Bc4 Bg7 5. Ng5 e6 6. d3 Nge7 7. 0-0 Nd4 8. Be3 a6 9. Nf3 Nec6 10. Re1 b5 11. Bb3 b4 12. Bxd4 Nxd4 13. Na4 Nxf3+ 14. Qxf3 Qc7 15. Qe3 d6 16. c3 a5 17. Bc4 Bd7 18. Bb3 0-0 19. Rac1 Bc6 20. a3 Rfb8 21. axb4 axb4 22. d4 Bxa4 23. Bxa4 Rxa4 24. b3 Ra3 25. dxc5 Qxc5 26. Qxc5 dxc5 27. cxb4 cxb4 28. Rb1 Bc3 29. Rec1 Rba8 0-1